| 000 | 00556nam a2200205 a 4500 | ||
|---|---|---|---|
| 001 | 3926323 | ||
| 005 | 20251211105606.0 | ||
| 008 | 921203s1993 wiua b 001 0 eng | ||
| 020 | _a069712598X | ||
| 050 | 0 | 0 |
_aRC564 _b.A975 1993 |
| 082 | 0 | 0 |
_a362.29/0973 _220 |
| 100 | 1 | _aAvis, Harry. | |
| 245 | 1 | 0 |
_aDrugs & life / _cHarry Avis. |
| 250 | _a2nd ed. | ||
| 260 |
_aMadison, Wis. : _bBrown & Benchmark, _cc1993. |
||
| 300 |
_axvi, 505 p. : _bill. (some col.) ; _c24 cm. |
||
| 650 | 0 | _aSubstance abuse. | |
| 650 | 0 | _aDrugs. | |
| 942 |
_2lcc _cBK _e2nd ed. _n0 |
||
| 999 |
_c8544 _d8544 |
||